[Event "IECG CC.2004.0.00108 email"]
[Site "IECG email"]
[Date "2004.12.19"]
[Round "1"]
[White "Coates, Stephen"]
[Black "Pereira, Joao F Serra"]
[Result "1/2-1/2"]
[WhiteElo "1657"]
[BlackElo "1723"]
[PlyCount "101"]
[EventDate "2004.12.27"]
[EventType "tourn (corr)"]
[EventRounds "6"]
[SourceTitle "Corr 2008"]
[Source "ChessBase"]
[SourceDate "2008.06.24"]
[SourceVersion "1"]
[SourceVersionDate "2008.06.24"]
[SourceQuality "1"]

1. e4 e5 2. Nc3 Nf6 3. Bc4 Nc6 4. f4 Nxe4 5. Nf3 Nxc3 6. dxc3 Qe7 7. fxe5 Nxe5 8. 0-0 Qc5+ 9. Kh1 Nxc4 10. Re1+ Be7 11. b4 Qd6 12. Qe2 Nb6 13. Bf4 Qe6 14. Qd2 Qd5 15. Qe3 0-0 16. Qxe7 Qc4 17. Re4 Qc6 18. b5 Qf6 19. Qxf6 gxf6 20. Bh6 d5 21. Re7 Rd8 22. Rxc7 a6 23. Re1 Nc4 24. Rce7 Be6 25. Nd4 Re8 26. Rxb7 axb5 27. Nxb5 Rxa2 28. Nc7 Rc8 29. Reb1 Nd6 30. Rb8 Ra4 31. Rxc8+ Nxc8 32. Ne8 f5 33. g3 Rc4 34. h4 Rxc3 35. h5 Rxc2 36. Kg1 d4 37. Rb4 Rc4 38. Rb7 d3 39. Kf2 Rd4 40. Nf6+ Kh8 41. Ke1 Rd8 42. Rb8 f4 43. Bxf4 Kg7 44. Ne4 Rd5 45. h6+ Kg6 46. Kd2 Bf5 47. Nf2 Ne7 48. Re8 Rd7 49. g4 Be6 50. Be3 f5 51. Bc5 1/2-1/2